000 00616nam a22001937a 4500
999 _c178064
_d178064
005 20210315121221.0
010 _aUR-11076
020 _c300.00
_a9788186346815
035 _aU-9631
037 _bDBAD/PUB
082 _aک
100 _aف س ا عجا ز
245 _aو ہ د س ا و ر د و سر ی کہا نيا ں
_cف س ا عجا ز
246 _bWo Dus Aur Doosri Kahaniyan
_aby Fay Seen Ejaz
260 _aKolkata
_c2020 ء
_bInsha Publications
270 _a25-B,Zakaria Street,Kolkata
_bNew Delhi
_e700073
_l+9133 4007-5435
300 _a216 ص
_c22 Cm(Hb)
942 _2ddc
_cUR
_hک
_mف س ا